| 000 | 00767nam a2200229 a 4500 | ||
|---|---|---|---|
| 001 | 000023541 | ||
| 005 | 20260401115247.0 | ||
| 008 | 101210s1986 ag r 000 | spa d | ||
| 040 |
_aDO-SdBNP _bspa _cBNPHU |
||
| 082 |
_a321.109 _bE57ó |
||
| 100 | 1 |
_aEngels, Friedrich, _d1820-1895 _960306 |
|
| 245 | 1 | 3 |
_aEl origen de la familia, la propiedad privada y el Estado / _cFriedrich Engels; edición al cuidado de Nestor Acosta. |
| 260 |
_aBuenos Aires, (Argentina) : _bCartago, _c1986. |
||
| 300 |
_a170 p. ; _c20 cm. |
||
| 500 | _aIncluye notas al pie de páginas | ||
| 650 | 0 |
_aFamilias _9795 |
|
| 650 | 0 |
_aDerecho de familia _93572 |
|
| 650 | 4 |
_aRelaciones familiar _948533 |
|
| 650 | 0 |
_aMatrimonio _9797 |
|
| 700 | 1 |
_aAcosta, Nestor _eed. _948534 |
|
| 049 | _aBNGR | ||
| 999 |
_c23037 _d23037 |
||